[Event "4NCL Division 1b"]
[Site "Northampton, ENG"]
[Date "2017.01.15"]
[Round "4.51"]
[White "Sadler, Matthew D"]
[Black "Tan, Justin"]
[Result "1-0"]
[WhiteElo "2672"]
[BlackElo "2451"]
[PlyCount "71"]
[EventDate "2017.01.15"]
[WhiteTeam "Guildford 1"]
[BlackTeam "Oxford 1"]

1. d4 Nf6 2. c4 e6 3. Nc3 Bb4 4. e3 O-O 5. Bd3 c5 6. Nf3 cxd4 7. exd4 d5 8. O-O
dxc4 9. Bxc4 b6 10. Re1 Bb7 11. Bd3 Nbd7 12. a3 Bxc3 13. bxc3 Qc7 14. c4 Rfe8
15. Ne5 Nxe5 16. Rxe5 Qc6 17. Qf1 Nd7 18. Re3 Qd6 19. Bb2 Nf8 20. Rae1 Red8 21.
Qe2 Qf4 22. d5 exd5 23. Be5 Qh6 24. Rh3 Qc6 25. Qh5 g6 26. Qh6 f6 27. Bxg6 Rd7
28. cxd5 Qxd5 29. Bxh7+ Rxh7 30. Rg3+ Kf7 31. Qxf6+ Ke8 32. Bf4+ Kd7 33. Rg7+
Rxg7 34. Qxg7+ Kc6 35. Qc7+ Kb5 36. Re5 1-0

[Event "4NCL Division 1b"]
[Site "Northampton, ENG"]
[Date "2017.01.15"]
[Round "4.52"]
[White "Martins, David Pires Tavares"]
[Black "Van Kampen, Robin"]
[Result "0-1"]
[WhiteElo "2383"]
[BlackElo "2640"]
[PlyCount "106"]
[EventDate "2017.01.15"]
[WhiteTeam "Oxford 1"]
[BlackTeam "Guildford 1"]

1. Nf3 Nf6 2. g3 g6 3. Bg2 Bg7 4. O-O O-O 5. c4 d6 6. d4 Nc6 7. Nc3 a6 8. Bg5
h6 9. Bxf6 Bxf6 10. e3 Bg7 11. Qe2 Rb8 12. Rfd1 e6 13. Rac1 Qe7 14. a3 Nd8 15.
c5 Bd7 16. b4 g5 17. e4 f6 18. a4 Nf7 19. b5 axb5 20. axb5 dxc5 21. dxc5 Rfd8
22. Qc4 Bf8 23. Ne2 e5 24. Nc3 c6 25. bxc6 bxc6 26. Na4 Be6 27. Rxd8 Nxd8 28.
Qc3 Rb3 29. Qc2 Ra3 30. Ne1 Nb7 31. Bf1 Na5 32. Rb1 Nb3 33. Bc4 Nd4 34. Bxe6+
Qxe6 35. Qd1 Qc4 36. Nb6 Ne2+ 37. Kg2 Qxe4+ 38. f3 Qe3 39. Nd5 Qg1+ 40. Kh3
Qf1+ 41. Kg4 h5+ 42. Kf5 Nd4+ 43. Kg6 cxd5 44. Rb8 Qa6 45. Qb1 Rb3 46. Rxb3 Qe6
47. Rb7 f5+ 48. Kxg5 Be7+ 49. Rxe7 Qxe7+ 50. Kg6 Qg7+ 51. Kxh5 Kh7 52. Qb6 Nxf3
53. Nxf3 Qg4# 0-1

[Event "4NCL Division 1b"]
[Site "Northampton, ENG"]
[Date "2017.01.15"]
[Round "4.53"]
[White "Edouard, Romain"]
[Black "Eckersley-Waites, Tom"]
[Result "1/2-1/2"]
[WhiteElo "2613"]
[BlackElo "2306"]
[PlyCount "168"]
[EventDate "2017.01.15"]
[WhiteTeam "Guildford 1"]
[BlackTeam "Oxford 1"]

1. d4 Nf6 2. c4 e6 3. Nc3 Bb4 4. Nf3 d5 5. cxd5 exd5 6. Bg5 Nbd7 7. e3 c5 8.
Be2 Qa5 9. O-O Bxc3 10. bxc3 Ne4 11. c4 Nc3 12. Qe1 Nxe2+ 13. Qxe2 dxc4 14.
Qxc4 cxd4 15. Qxd4 O-O 16. Rfc1 b6 17. Rxc8 Rfxc8 18. Qxd7 Qxa2 19. Qd4 Rc4 20.
Kf1 Qb3 21. Nd2 Rxd4 22. Nxb3 Rd5 23. Be7 a5 24. Nd4 f5 25. g3 Re8 26. Ba3 b5
27. Bb2 b4 28. Ke2 Rc8 29. Bc1 Kf7 30. Bd2 Rb8 31. Nb3 Rbb5 32. h4 h6 33. h5
Kf6 34. Bc1 Kf7 35. Bb2 f4 36. exf4 Rxh5 37. Bd4 g6 38. Kd3 Rb8 39. Kc4 Ra8 40.
Nc5 Rf5 41. Be5 h5 42. Rd1 Ra7 43. Rd8 g5 44. Rh8 gxf4 45. Rh7+ Kg8 46. Rh8+
Kf7 47. Rh7+ Kg8 48. Rxa7 Rxe5 49. gxf4 Rf5 50. Ne6 h4 51. Rg7+ Kh8 52. Rg4 Rh5
53. f5 h3 54. f6 Rf5 55. Rg6 h2 56. Rh6+ Kg8 57. Rxh2 Rxf6 58. Nd4 Rf4 59. f3
a4 60. Ra2 a3 61. Rd2 Kf7 62. Kd3 b3 63. Nxb3 Rxf3+ 64. Kc4 Rf4+ 65. Nd4 Rf6
66. Ra2 Ra6 67. Nb5 Kf6 68. Nxa3 Ra4+ 69. Kb5 Ra8 70. Rf2+ Ke6 71. Nc4 Rb8+ 72.
Nb6 Ke5 73. Kc5 Ke4 74. Ra2 Kd3 75. Ra3+ Ke4 76. Ra4+ Kf5 77. Nc4 Ke6 78. Nd6
Rb1 79. Re4+ Kf6 80. Kc6 Rc1+ 81. Kd7 Rd1 82. Re2 Ra1 83. Ne4+ Kf5 84. Nc5 Kf6
1/2-1/2

[Event "4NCL Division 1b"]
[Site "Northampton, ENG"]
[Date "2017.01.15"]
[Round "4.54"]
[White "Zakarian, David"]
[Black "Pert, Nicholas"]
[Result "0-1"]
[WhiteElo "2383"]
[BlackElo "2565"]
[PlyCount "100"]
[EventDate "2017.01.15"]
[WhiteTeam "Oxford 1"]
[BlackTeam "Guildford 1"]

1. e4 c5 2. b3 Nf6 3. e5 Nd5 4. Bb2 g6 5. Bc4 Nb6 6. Na3 Bg7 7. f4 Nxc4 8. Nxc4
d5 9. Ne3 d4 10. Nc4 Nc6 11. d3 f6 12. exf6 exf6 13. Ne2 O-O 14. O-O Ne7 15. a4
b6 16. Ng3 Bb7 17. Qe2 Qd7 18. Rae1 Rae8 19. Ne4 Nf5 20. Qf2 Re7 21. Bc1 Rfe8
22. g4 Ne3 23. Nxe3 dxe3 24. Qg3 Bxe4 25. dxe4 Rxe4 26. Rxe3 Rxe3 27. Bxe3 f5
28. Bf2 fxg4 29. a5 Re2 30. axb6 axb6 31. b4 c4 32. Bxb6 Rxc2 33. f5 gxf5 34.
Qb8+ Kf7 35. Qf4 Kg6 36. Be3 h6 37. h3 Qd5 38. Rf2 Rxf2 39. Kxf2 gxh3 40. Qg3+
Kh7 41. Qxh3 c3 42. Qh4 c2 43. Qf4 Qe5 44. Qc4 h5 45. b5 Qxe3+ 46. Kxe3 c1=Q+
47. Qxc1 Bh6+ 48. Kd4 Bxc1 49. Ke5 Kg6 50. b6 Kg5 0-1

[Event "4NCL Division 1b"]
[Site "Northampton, ENG"]
[Date "2017.01.15"]
[Round "4.55"]
[White "Zhou, Yang-Fan"]
[Black "Claridge-Hansen, William"]
[Result "1-0"]
[WhiteElo "2507"]
[BlackElo "2283"]
[PlyCount "97"]
[EventDate "2017.01.15"]
[WhiteTeam "Guildford 1"]
[BlackTeam "Oxford 1"]

1. e4 c5 2. b3 d6 3. Bb2 Nc6 4. Nc3 Nf6 5. Bb5 Bd7 6. Nge2 a6 7. Bxc6 Bxc6 8.
Ng3 b5 9. d3 g6 10. Nd5 Bg7 11. Nxf6+ Bxf6 12. Bxf6 exf6 13. c4 Qa5+ 14. Qd2
Qxd2+ 15. Kxd2 O-O 16. f3 Rfb8 17. Ne2 Kf8 18. Kc3 a5 19. d4 a4 20. dxc5 dxc5
21. Nf4 b4+ 22. Kb2 Ke7 23. Rhd1 Rd8 24. bxa4 Rxd1 25. Rxd1 Rxa4 26. Nd3 Ra5
27. Nc1 Ra7 28. Re1 Ba4 29. Nd3 Rc7 30. e5 Bd7 31. Kb3 Be6 32. f4 f5 33. Ra1
Bd7 34. g3 f6 35. a3 fxe5 36. fxe5 Be6 37. axb4 cxb4 38. Rc1 Rd7 39. Nxb4 Rd2
40. Rc2 Rd1 41. Ra2 Rb1+ 42. Kc3 Rc1+ 43. Nc2 g5 44. Ra7+ Ke8 45. Kd2 Rg1 46.
Nd4 Bxc4 47. Nxf5 Ba2 48. e6 Bd5 49. Nd6+ 1-0

[Event "4NCL Division 1b"]
[Site "Northampton, ENG"]
[Date "2017.01.15"]
[Round "4.56"]
[White "Asenov, Pavel"]
[Black "Hebden, Mark L"]
[Result "0-1"]
[WhiteElo "2290"]
[BlackElo "2501"]
[PlyCount "68"]
[EventDate "2017.01.15"]
[WhiteTeam "Oxford 1"]
[BlackTeam "Guildford 1"]

1. d4 Nf6 2. c4 g6 3. Nc3 Bg7 4. e4 d6 5. f3 O-O 6. Be3 Nc6 7. Nge2 a6 8. Qd2
Na5 9. Nc1 Nd7 10. Nb3 c5 11. dxc5 Nxb3 12. axb3 Nxc5 13. Ra3 Be6 14. b4 Nd7
15. Be2 f5 16. exf5 Rxf5 17. O-O Rc8 18. b3 Rf8 19. Rd1 Nf6 20. b5 axb5 21.
Nxb5 d5 22. Qb4 Bf7 23. Nc3 e6 24. Ra7 Nh5 25. Ne4 Be5 26. Bg5 Qc7 27. cxd5
exd5 28. Rc1 Qxc1+ 29. Bxc1 Rxc1+ 30. Kf2 Bxh2 31. Nf6+ Nxf6 32. Ra2 Bg1+ 33.
Kg3 Nh5+ 34. Kh3 Bc5 0-1

[Event "4NCL Division 1b"]
[Site "Northampton, ENG"]
[Date "2017.01.15"]
[Round "4.57"]
[White "Suarez Real, Alberto"]
[Black "Gerlagh, Joris"]
[Result "1-0"]
[WhiteElo "2420"]
[BlackElo "2269"]
[PlyCount "81"]
[EventDate "2017.01.15"]
[WhiteTeam "Guildford 1"]
[BlackTeam "Oxford 1"]

1. e4 b6 2. d4 Bb7 3. Bd3 Nf6 4. Qe2 c5 5. d5 g6 6. c4 d6 7. f4 e6 8. e5 dxe5
9. fxe5 Nfd7 10. Nf3 exd5 11. e6 fxe6 12. Ng5 Bd6 13. cxd5 Bxd5 14. Nc3 Ne5 15.
O-O Qe7 16. Nge4 Bxe4 17. Nxe4 Qc7 18. Bg5 Nbd7 19. Bb5 Be7 20. Nf6+ Bxf6 21.
Bxf6 O-O 22. Bxd7 Qxd7 23. Qxe5 Qd5 24. Rad1 Qxe5 25. Bxe5 Rxf1+ 26. Kxf1 Rf8+
27. Ke2 Rf5 28. Bb8 Rf7 29. g4 Rb7 30. Be5 Kf7 31. Rd8 h5 32. Rh8 Rd7 33. gxh5
gxh5 34. Rh7+ Ke8 35. Rxh5 Rd5 36. Rh8+ Kd7 37. Bc3 a5 38. a4 Kc6 39. Rh6 b5
40. Rxe6+ Kd7 41. Re5 1-0

[Event "4NCL Division 1b"]
[Site "Northampton, ENG"]
[Date "2017.01.15"]
[Round "4.58"]
[White "Varney, Zoe"]
[Black "Ciuksyte, Dagne"]
[Result "1/2-1/2"]
[WhiteElo "1978"]
[BlackElo "2316"]
[PlyCount "92"]
[EventDate "2017.01.15"]
[WhiteTeam "Oxford 1"]
[BlackTeam "Guildford 1"]

1. e4 c5 2. c3 d5 3. exd5 Qxd5 4. d4 e6 5. Nf3 Nf6 6. Be3 cxd4 7. cxd4 Be7 8.
Nc3 Qd8 9. Bd3 O-O 10. O-O b6 11. Ng5 Bb7 12. Qc2 h6 13. Nh7 Re8 14. Nxf6+ Bxf6
15. Rfd1 Nc6 16. Bh7+ Kh8 17. Be4 Nb4 18. Qd2 Nd5 19. Bxd5 Bxd5 20. Bxh6 Re7
21. Bg5 Rd7 22. Bxf6 Qxf6 23. Qe3 Rad8 24. Rd2 a6 25. Rad1 b5 26. b3 Bc6 27.
Rd3 Qf5 28. Qh3+ Qxh3 29. Rxh3+ Kg8 30. Rhd3 b4 31. Ne2 e5 32. Re3 f6 33. f4
exf4 34. Nxf4 Rxd4 35. Red3 Rxd3 36. Rxd3 Rxd3 37. Nxd3 a5 38. Nc5 Kf7 39. Kf2
Ke7 40. g3 Kd6 41. Nd3 Ke6 42. Ke3 Kd5 43. Nf4+ Ke5 44. Nd3+ Kf5 45. Nf2 Ke5
46. Nd3+ Kf5 1/2-1/2

[Event "4NCL Division 1b"]
[Site "Northampton, ENG"]
[Date "2017.01.15"]
[Round "4.61"]
[White "Taylor, Adam C"]
[Black "Adair, James R"]
[Result "0-1"]
[WhiteElo "2245"]
[BlackElo "2480"]
[PlyCount "108"]
[EventDate "2017.01.15"]
[WhiteTeam "Anglian Avengers 1"]
[BlackTeam "White Rose 1"]

1. Nf3 d5 2. g3 Nf6 3. Bg2 c5 4. c4 d4 5. b4 cxb4 6. a3 b3 7. d3 Nc6 8. Nbd2 e5
9. Rb1 Be7 10. O-O Nd7 11. Nxb3 a5 12. Ne1 O-O 13. Nc2 Nb6 14. Bb2 Bf5 15. Ba1
Na4 16. Nd2 Nc5 17. Nb3 Na4 18. Nd2 Nc5 19. Nb3 Ne6 20. Nc1 Rb8 21. Rb5 Qd7 22.
e4 dxe3 23. Nxe3 Bg6 24. Nd5 Bxa3 25. Ne2 Bc5 26. Qd2 b6 27. Rfb1 Nc7 28. Nxc7
Qxc7 29. Bxc6 Qxc6 30. Bxe5 Rbd8 31. Nf4 Rfe8 32. Nxg6 Qxg6 33. Bc7 Rxd3 34.
Qf4 Rd4 35. Qf3 Rd2 36. Bxb6 Rxf2 37. Qxf2 Bxf2+ 38. Bxf2 h5 39. Ra1 h4 40.
Rbxa5 h3 41. R5a2 Qc6 42. Ba7 Ra8 43. Rf2 Qxc4 44. Bd4 Rxa1+ 45. Bxa1 Qd5 46.
Bxg7 Qd1+ 47. Rf1 Qe2 48. Rf2 Qd1+ 49. Rf1 Qd5 50. Rf2 Kxg7 51. Re2 Qf3 52. Rf2
Qd1+ 53. Rf1 Qd2 54. Rf2 Qd4 0-1

[Event "4NCL Division 1b"]
[Site "Northampton, ENG"]
[Date "2017.01.15"]
[Round "4.62"]
[White "McNab, Colin A"]
[Black "Player, Edmund C"]
[Result "1-0"]
[WhiteElo "2440"]
[BlackElo "2207"]
[PlyCount "83"]
[EventDate "2017.01.15"]
[WhiteTeam "White Rose 1"]
[BlackTeam "Anglian Avengers 1"]

1. Nf3 d5 2. g3 c6 3. Bg2 Bg4 4. d3 Nd7 5. h3 Bxf3 6. Bxf3 e5 7. e4 dxe4 8.
Bxe4 Ngf6 9. Bg2 Be7 10. O-O O-O 11. Nd2 Qc7 12. Nc4 Nd5 13. Bd2 Rfe8 14. Qe2
Bf8 15. Rae1 Re6 16. c3 Rae8 17. b4 g6 18. Qd1 Bg7 19. Qb3 N7b6 20. Nb2 Rd8 21.
Re2 f5 22. Rfe1 Qf7 23. a4 Nc7 24. b5 Nc8 25. bxc6 bxc6 26. c4 Na6 27. Bg5 Rde8
28. Qc2 Bf8 29. Bd2 Qf6 30. Bc3 Bc5 31. Qd2 Kg7 32. Kh2 Nb8 33. a5 Bd4 34. Na4
Bxc3 35. Qxc3 Nd7 36. Rb2 R6e7 37. Rb7 Nf8 38. Qxe5 Qxe5 39. Rxe5 Rxb7 40. Rxe8
Ne7 41. Nc5 Rc7 42. Rxf8 1-0

[Event "4NCL Division 1b"]
[Site "Northampton, ENG"]
[Date "2017.01.15"]
[Round "4.63"]
[White "Lewis, Andrew P"]
[Black "Wells, Peter K"]
[Result "1/2-1/2"]
[WhiteElo "2278"]
[BlackElo "2427"]
[PlyCount "99"]
[EventDate "2017.01.15"]
[WhiteTeam "Anglian Avengers 1"]
[BlackTeam "White Rose 1"]

1. c4 Nf6 2. Nc3 e5 3. Nf3 Nc6 4. d3 g6 5. g3 Bg7 6. Bg2 O-O 7. O-O d6 8. Rb1
a5 9. a3 Nd4 10. Bg5 Ne6 11. Bd2 Nh5 12. b4 axb4 13. axb4 f5 14. b5 Kh8 15. Nd5
f4 16. Bc3 g5 17. Nd2 g4 18. Ne4 Nd4 19. Bxd4 exd4 20. Re1 Be5 21. Qd2 Bf5 22.
Ra1 Rxa1 23. Rxa1 c6 24. bxc6 bxc6 25. Nb4 Bxe4 26. Bxe4 Qf6 27. Qe1 Qh6 28.
Nxc6 fxg3 29. hxg3 Bg7 30. Ne7 Qe6 31. Nd5 Nf6 32. Nxf6 Qxf6 33. Qf1 Qg5 34.
Ra8 Rxa8 35. Bxa8 h5 36. Be4 h4 37. gxh4 Qxh4 38. Qb1 Be5 39. Qb8+ Kg7 40. Qc7+
Kf8 41. Bd5 Qh2+ 42. Kf1 Qh3+ 43. Ke1 Qh5 44. Qd8+ Kg7 45. Qe7+ Kh6 46. Qf8+
Kg5 47. Qe7+ Kh6 48. Qf8+ Kg5 49. Qe7+ Kh6 50. Qf8+ 1/2-1/2

[Event "4NCL Division 1b"]
[Site "Northampton, ENG"]
[Date "2017.01.15"]
[Round "4.64"]
[White "Palliser, Richard J D"]
[Black "Mayhew, Andrew"]
[Result "1/2-1/2"]
[WhiteElo "2415"]
[BlackElo "2215"]
[PlyCount "77"]
[EventDate "2017.01.15"]
[WhiteTeam "White Rose 1"]
[BlackTeam "Anglian Avengers 1"]

1. c4 b6 2. Nc3 Bb7 3. e4 e6 4. Nf3 c5 5. d4 cxd4 6. Nxd4 d6 7. g3 a6 8. Bg2
Qc7 9. O-O Nf6 10. Bg5 Nbd7 11. Rc1 Be7 12. Nd5 exd5 13. cxd5 Qd8 14. Nc6 Bxc6
15. dxc6 Ne5 16. f4 Qc7 17. fxe5 dxe5 18. Bxf6 Bxf6 19. Bh3 O-O 20. Qd7 Ra7 21.
Rfd1 Bg5 22. Rc3 Rd8 23. Qg4 Bd2 24. Rxd2 Rxd2 25. Qc8+ Rd8 26. Qxc7 Rxc7 27.
Bd7 Kf8 28. Ra3 Rcxd7 29. cxd7 Rxd7 30. Rxa6 Rd1+ 31. Kf2 Rd2+ 32. Kf3 Rxb2 33.
h4 h5 34. a4 g6 35. a5 Rb3+ 36. Kf2 bxa5 37. Rxa5 f6 38. Ra8+ Kf7 39. Ra7+
1/2-1/2

[Event "4NCL Division 1b"]
[Site "Northampton, ENG"]
[Date "2017.01.15"]
[Round "4.65"]
[White "Talsma, Paul"]
[Black "Gourlay, Iain"]
[Result "0-1"]
[WhiteElo "2207"]
[BlackElo "2395"]
[PlyCount "86"]
[EventDate "2017.01.15"]
[WhiteTeam "Anglian Avengers 1"]
[BlackTeam "White Rose 1"]

1. d4 d5 2. c4 c6 3. Nf3 Nf6 4. Nc3 dxc4 5. a4 Bf5 6. Ne5 Nbd7 7. Nxc4 Qc7 8.
Qd2 Be6 9. e3 O-O-O 10. Qc2 Bd5 11. Bd2 e5 12. Nxe5 Nxe5 13. dxe5 Qxe5 14. Nxd5
Qxd5 15. O-O-O Qa2 16. Qc4 Qxc4+ 17. Bxc4 Ne4 18. Ba5 b6 19. Rxd8+ Kxd8 20.
Rd1+ Kc7 21. Be1 Bd6 22. f3 Nc5 23. Bxf7 Bxh2 24. Bc3 Rf8 25. Bc4 Re8 26. Rh1
Be5 27. Bxe5+ Rxe5 28. Rxh7 Rg5 29. g4 Nxa4 30. Be2 Kd6 31. Kb1 a5 32. f4 Rd5
33. Rxg7 Rd2 34. Bf3 Rxb2+ 35. Kc1 Rf2 36. Rg6+ Kc5 37. Bxc6 Nc3 38. Bd7 b5 39.
Rc6+ Kb4 40. g5 a4 41. Be6 a3 42. g6 a2 43. Bxa2 Rxa2 0-1

[Event "4NCL Division 1b"]
[Site "Northampton, ENG"]
[Date "2017.01.15"]
[Round "4.66"]
[White "Gantner, Matthias"]
[Black "Gallagher, Daniel GH"]
[Result "1/2-1/2"]
[WhiteElo "2307"]
[BlackElo "2192"]
[PlyCount "48"]
[EventDate "2017.01.15"]
[WhiteTeam "White Rose 1"]
[BlackTeam "Anglian Avengers 1"]

1. e4 c5 2. Nf3 d6 3. d4 cxd4 4. Nxd4 Nf6 5. Nc3 a6 6. Bg5 e6 7. f4 Be7 8. Qf3
Qc7 9. O-O-O Nbd7 10. g4 b5 11. Bxf6 Nxf6 12. g5 Nd7 13. f5 O-O 14. Rg1 b4 15.
Nce2 e5 16. f6 exd4 17. fxe7 Re8 18. Nxd4 Ne5 19. Qb3 Qc5 20. Bh3 Rxe7 21. Kb1
Bxh3 22. Qxh3 g6 23. Nb3 Qc6 24. Qg3 Rc8 1/2-1/2

[Event "4NCL Division 1b"]
[Site "Northampton, ENG"]
[Date "2017.01.15"]
[Round "4.67"]
[White "Munson, Shaun D"]
[Black "Townsend, M Paul"]
[Result "1-0"]
[WhiteElo "2161"]
[BlackElo "2179"]
[PlyCount "95"]
[EventDate "2017.01.15"]
[WhiteTeam "Anglian Avengers 1"]
[BlackTeam "White Rose 1"]

1. d4 Nf6 2. Nc3 g6 3. e4 d6 4. Bg5 Bg7 5. Qd2 h6 6. Bh4 O-O 7. O-O-O c6 8. Kb1
b5 9. f3 Qc7 10. g4 b4 11. Nce2 c5 12. dxc5 dxc5 13. Bg3 Qa5 14. Nc1 Be6 15.
Nb3 Qa4 16. Qe2 a6 17. Qe3 Nbd7 18. Ne2 Qc6 19. Nf4 a5 20. Nxe6 fxe6 21. Bc4 a4
22. Nc1 Nb6 23. Qe2 Nfd7 24. Bb5 Qb7 25. Rd2 Ne5 26. f4 Nc6 27. Bc4 Nd4 28.
Rxd4 cxd4 29. Bxe6+ Kh8 30. Nd3 Qc6 31. f5 Qb5 32. Qd2 b3 33. Ne5 bxc2+ 34. Kc1
Rf6 35. Qxd4 Rxe6 36. fxe6 Kh7 37. Qd3 Qb4 38. Be1 Qd6 39. Qxd6 exd6 40. Nd7
Nc4 41. Bc3 a3 42. Bxg7 Kxg7 43. b3 Na5 44. Kxc2 Re8 45. Kd3 Rxe6 46. Rc1 Re7
47. Nb6 Nb7 48. b4 1-0

[Event "4NCL Division 1b"]
[Site "Northampton, ENG"]
[Date "2017.01.15"]
[Round "4.68"]
[White "Sucikova, Svetlana"]
[Black "York-Andersen, Anna"]
[Result "1-0"]
[WhiteElo "2044"]
[BlackElo "1783"]
[PlyCount "75"]
[EventDate "2017.01.15"]
[WhiteTeam "White Rose 1"]
[BlackTeam "Anglian Avengers 1"]

1. c4 Nf6 2. Nc3 g6 3. g3 Bg7 4. Bg2 O-O 5. e3 e5 6. Nge2 d6 7. d4 c6 8. O-O
Re8 9. Qd3 Nbd7 10. Rd1 Qc7 11. b3 a6 12. Ba3 Bf8 13. Rac1 Rb8 14. b4 c5 15.
bxc5 dxc5 16. d5 e4 17. Nxe4 Nxe4 18. Bxe4 Ne5 19. Qc2 Bg4 20. Bg2 Nf3+ 21. Kh1
Bf5 22. Qb3 Ng5 23. Bb2 Ne4 24. Kg1 Qd7 25. f3 Nd6 26. Qc3 f6 27. e4 Bh3 28.
Qxf6 Bg7 29. Qxg7+ Qxg7 30. Bxg7 Bxg2 31. Kxg2 Kxg7 32. Nf4 Kf7 33. Nd3 b6 34.
Re1 g5 35. e5 Nf5 36. e6+ Ke7 37. Ne5 b5 38. Nc6+ 1-0

[Event "4NCL Division 1b"]
[Site "Northampton, ENG"]
[Date "2017.01.15"]
[Round "4.71"]
[White "Cox, John J"]
[Black "Walker, David J"]
[Result "1/2-1/2"]
[WhiteElo "2316"]
[BlackElo "2289"]
[PlyCount "82"]
[EventDate "2017.01.15"]
[WhiteTeam "Barbican 4NCL 2"]
[BlackTeam "North East England"]

1. c4 c5 2. Nf3 g6 3. d4 cxd4 4. Nxd4 Bg7 5. e4 Nc6 6. Be3 Nf6 7. Nc3 Ng4 8.
Qxg4 Nxd4 9. Qd1 Ne6 10. Qd2 Qa5 11. Rc1 d6 12. Be2 Bd7 13. O-O Bc6 14. f3 g5
15. b3 Be5 16. Nd5 Qxd2 17. Bxd2 Kd7 18. Rfd1 Rhg8 19. Be3 b6 20. g3 h5 21. b4
h4 22. c5 bxc5 23. bxc5 hxg3 24. hxg3 Bxg3 25. cxd6 Bf4 26. Rxc6 Bxe3+ 27. Nxe3
Kxc6 28. dxe7 Rae8 29. Rc1+ Kd6 30. Nf5+ Ke5 31. Rd1 Kf6 32. Bb5 Rxe7 33. Nxe7
Kxe7 34. Rd7+ Kf6 35. Rxa7 Rc8 36. Ba4 Rc3 37. Kf2 Ra3 38. Ra6 Rxa2+ 39. Ke3
Ra3+ 40. Kf2 Ra2+ 41. Ke3 Ra3+ 1/2-1/2

[Event "4NCL Division 1b"]
[Site "Northampton, ENG"]
[Date "2017.01.15"]
[Round "4.72"]
[White "Dunn, Andrew"]
[Black "Taylor, Martin R"]
[Result "0-1"]
[WhiteElo "2245"]
[BlackElo "2326"]
[PlyCount "108"]
[EventDate "2017.01.15"]
[WhiteTeam "North East England"]
[BlackTeam "Barbican 4NCL 2"]

1. d4 d5 2. c4 c6 3. cxd5 cxd5 4. Nc3 Nf6 5. Bf4 Nc6 6. e3 Bf5 7. Qb3 Na5 8.
Qa4+ Bd7 9. Bb5 e6 10. Nf3 a6 11. Bxd7+ Nxd7 12. O-O b5 13. Qd1 Be7 14. Rc1 Rc8
15. a4 b4 16. Ne2 O-O 17. Qd3 Qb6 18. b3 Qb7 19. Nd2 Rxc1 20. Rxc1 Rc8 21.
Rxc8+ Qxc8 22. Qb1 Qc6 23. Qc1 f6 24. Bc7 Qxc1+ 25. Nxc1 Nc6 26. Nf3 e5 27. Kf1
Kf7 28. Ke1 Ke6 29. Kd1 g5 30. h3 e4 31. Nd2 f5 32. Ne2 h6 33. h4 Nf6 34. hxg5
hxg5 35. g3 Ng4 36. Ke1 Nh2 37. Nf1 Nf3+ 38. Kd1 Bd6 39. Bxd6 Kxd6 40. Nd2 Nh2
41. Ng1 Ke6 42. Ke2 Na5 43. Kd1 Kf6 44. Ne2 Kg6 45. Nc1 Kh5 46. Na2 Nc6 47. Ke2
Kg4 48. Nf1 Nxf1 49. Kxf1 Kf3 50. Nc1 f4 51. exf4 gxf4 52. Ne2 e3 53. gxf4 exf2
54. f5 Ne7 0-1

[Event "4NCL Division 1b"]
[Site "Northampton, ENG"]
[Date "2017.01.15"]
[Round "4.73"]
[White "Rogers, Jonathan W"]
[Black "Moreby, James"]
[Result "1-0"]
[WhiteElo "2288"]
[BlackElo "2158"]
[PlyCount "117"]
[EventDate "2017.01.15"]
[WhiteTeam "Barbican 4NCL 2"]
[BlackTeam "North East England"]

1. d4 Nf6 2. Nf3 e6 3. Bf4 c5 4. e3 Nc6 5. c3 d5 6. Nbd2 Bd6 7. Bg3 O-O 8. Bd3
Qe7 9. Ne5 Bxe5 10. dxe5 Nd7 11. f4 f6 12. exf6 Nxf6 13. Nf3 Bd7 14. O-O Be8
15. Ne5 Nh5 16. Qg4 Nxe5 17. fxe5 Rxf1+ 18. Rxf1 Nxg3 19. Qxg3 c4 20. Bc2 Bf7
21. Rf4 Rf8 22. Rf6 Kh8 23. Rf4 Kg8 24. h3 Be8 25. Rh4 g6 26. Rg4 Qf7 27. Rf4
Qe7 28. h4 Rxf4 29. Qxf4 Qf7 30. Qxf7+ Kxf7 31. e4 Bc6 32. Kf2 Ke7 33. Ke3 Kd7
34. exd5 Bxd5 35. g4 Ke7 36. Kd4 b6 37. g5 Bf3 38. Kxc4 Kd7 39. Ba4+ Kc7 40.
Kd4 a6 41. Bb3 Bg4 42. Bc4 b5 43. Bd3 Kb6 44. b4 Bf3 45. Ke3 Bc6 46. Be4 Be8
47. h5 Bf7 48. h6 Be8 49. Kd4 Bf7 50. a3 Be8 51. Bc2 Bf7 52. a4 a5 53. bxa5+
Kxa5 54. axb5 Kxb5 55. c4+ Kc6 56. Ba4+ Kc7 57. Kc5 Bg8 58. Be8 Kd8 59. Bxg6
1-0

[Event "4NCL Division 1b"]
[Site "Northampton, ENG"]
[Date "2017.01.15"]
[Round "4.74"]
[White "Coathup, Roger H"]
[Black "Jackson, James P"]
[Result "1-0"]
[WhiteElo "2150"]
[BlackElo "2278"]
[PlyCount "113"]
[EventDate "2017.01.15"]
[WhiteTeam "North East England"]
[BlackTeam "Barbican 4NCL 2"]

1. d4 Nf6 2. c4 c5 3. d5 e6 4. Nc3 exd5 5. cxd5 d6 6. e4 g6 7. Nge2 Bg7 8. Ng3
O-O 9. Be2 Nbd7 10. O-O Ne8 11. Be3 a6 12. a4 Nc7 13. Qd2 Rb8 14. Rab1 b5 15.
axb5 Nxb5 16. Nxb5 axb5 17. b4 c4 18. Bd4 Bxd4 19. Qxd4 Qb6 20. Qd2 Ra8 21. Ra1
Bb7 22. h4 Rfb8 23. h5 Qd8 24. Qd4 Qf6 25. Qxf6 Nxf6 26. hxg6 hxg6 27. Rfd1 Nd7
28. Bf1 Nb6 29. Ne2 Na4 30. f3 Bc8 31. Ra2 Bd7 32. Rda1 Kg7 33. Kf2 f5 34. exf5
Bxf5 35. Nc3 Nxc3 36. Rxa8 Rxa8 37. Rxa8 Kf6 38. g4 Bd7 39. Ra7 Be8 40. g5+ Ke5
41. Re7+ Kd4 42. Rxe8 Nxd5 43. Re4+ Kc3 44. Re6 Kxb4 45. Rxd6 Kc5 46. Rxg6 b4
47. Bxc4 Kxc4 48. Rc6+ Kd4 49. g6 b3 50. g7 Ne7 51. Rc7 Ng8 52. Rc8 b2 53. Rxg8
b1=Q 54. Rd8+ Kc3 55. g8=Q Qb6+ 56. Kg2 Qb2+ 57. Kg3 1-0

[Event "4NCL Division 1b"]
[Site "Northampton, ENG"]
[Date "2017.01.15"]
[Round "4.77"]
[White "Goldie, Thomas"]
[Black "Robson, Paul E"]
[Result "1/2-1/2"]
[WhiteElo "2146"]
[BlackElo "1937"]
[PlyCount "130"]
[EventDate "2017.01.15"]
[WhiteTeam "Barbican 4NCL 2"]
[BlackTeam "North East England"]

1. d4 c5 2. d5 Nf6 3. c4 b5 4. cxb5 a6 5. b6 Qxb6 6. Nc3 d6 7. e4 g6 8. h3 Bg7
9. Nf3 O-O 10. Bd3 Nbd7 11. O-O Bb7 12. Nd2 Qc7 13. Nc4 Nb6 14. Bf4 Nxc4 15.
Bxc4 Nd7 16. Bg3 Ne5 17. Be2 Qb6 18. Qd2 c4 19. Bxe5 Bxe5 20. Bxc4 Qb4 21. Bd3
Rfc8 22. Rfc1 Rc7 23. a3 Qb3 24. Qc2 Qxc2 25. Rxc2 Rac8 26. Rac1 Bf4 27. Rb1 e6
28. dxe6 fxe6 29. g3 Be5 30. Rbc1 a5 31. Nd1 d5 32. Rxc7 Rxc7 33. Rxc7 Bxc7 34.
exd5 exd5 35. Nc3 Bd6 36. Kf1 Kf7 37. Ke2 Ke6 38. f4 Bc7 39. Nb1 Kf6 40. Nd2
Bc8 41. h4 Bg4+ 42. Ke1 h6 43. Nf1 Bb6 44. Nh2 Bf5 45. Ke2 g5 46. Bxf5 Kxf5 47.
fxg5 hxg5 48. Nf3 gxh4 49. gxh4 Kg4 50. a4 Bc5 51. b3 Bb6 52. Ne5+ Kxh4 53. Nd7
Ba7 54. Nf6 d4 55. Kd3 Kg5 56. Ne4+ Kf4 57. Nd6 Ke5 58. Nc4+ Kd5 59. Nxa5 Kc5
60. Nc4 Kb4 61. Nd2 Bb6 62. Nc4 Ba7 63. Kc2 d3+ 64. Kxd3 Kxb3 65. a5 Kb4
1/2-1/2

[Event "4NCL Division 1b"]
[Site "Northampton, ENG"]
[Date "2017.01.15"]
[Round "4.78"]
[White "Chan, Wei Yi Victoria"]
[Black "Lauterbach, Ingrid"]
[Result "0-1"]
[WhiteElo "1907"]
[BlackElo "2110"]
[PlyCount "140"]
[EventDate "2017.01.15"]
[WhiteTeam "North East England"]
[BlackTeam "Barbican 4NCL 2"]

1. d4 d6 2. Nf3 g6 3. c4 Bg7 4. Nc3 Bg4 5. h3 Bxf3 6. exf3 Nh6 7. Bd3 O-O 8.
Be3 f5 9. Qd2 Nf7 10. d5 Nd7 11. h4 Nc5 12. Be2 e5 13. dxe6 Nxe6 14. f4 c6 15.
h5 Qe7 16. hxg6 hxg6 17. Kf1 Nc5 18. Bd4 Ne4 19. Qe3 Rfe8 20. Re1 Bxd4 21. Qxd4
Qf6 22. Qxf6 Nxf6 23. Rd1 Kg7 24. g3 Rh8 25. Kg2 Rxh1 26. Rxh1 Rd8 27. Rd1 Ne4
28. Nb1 d5 29. cxd5 Rxd5 30. Re1 Rd7 31. Bf3 Nc5 32. b4 Na6 33. a3 Nc7 34. Nc3
Kf6 35. a4 Rd3 36. Re3 Rd4 37. b5 cxb5 38. axb5 Nd6 39. Re5 Rd3 40. Re3 Rxe3
41. fxe3 Ncxb5 42. Nxb5 Nxb5 43. Bxb7 a5 44. Bd5 Nc3 45. Bg8 a4 46. Kf3 Ke7 47.
g4 Kd6 48. gxf5 gxf5 49. Bf7 Kc5 50. Bg8 Nd5 51. Be6 a3 52. e4 fxe4+ 53. Kxe4
a2 54. Bxd5 a1=Q 55. Be6 Qe1+ 56. Kf5 Kd4 57. Bf7 Qg3 58. Be6 Ke3 59. Ke5 Qxf4+
60. Kd5 Qd4+ 61. Kc6 Ke4 62. Bd7 Ke5 63. Bc8 Qd5+ 64. Kc7 Qc5+ 65. Kb7 Kd6 66.
Kb8 Qc7+ 67. Ka8 Qxc8+ 68. Ka7 Qc4 69. Kb8 Kc6 70. Ka7 Qb4 0-1